000
00200 a2200097 4500
001
8536
100
_a
Callinson,D.
245
_a
Plain English
260
_a
_b
Open Unviersity
_c
090
_c
6864
_d
6864
942
_a
NUST-CAE
_c
M
_c
33449
999
_c
243609
_d
243609